[Event "V Festival A"]
[Site "Forni di Sopra ITA"]
[Date "2014.06.20"]
[Round "8"]
[White "D'Amore, Carlo"]
[Black "Sharapov, Sanal"]
[WhiteElo "2492"]
[BlackElo "2265"]
[Result "1/2-1/2"]
[PlyCount "191"]
[EventDate "2014.06.14"]

1. Nf3 Nf6 2. g3 d5 3. Bg2 e6 4. O-O Be7 5. d3 c5 6. Nbd2 Nc6 7. e4 O-O 8. Re1
Qc7 9. c3 b5 10. exd5 exd5 11. Nb3 Nd8 12. Bf4 Bd6 13. Bg5 Nd7 14. c4 Ne6 15.
cxd5 Nxg5 16. Nxg5 Bb7 17. Rc1 Qb6 18. a4 bxa4 19. Nd2 Ba6 20. Qxa4 h6 21. Nge4
Ne5 22. Nxd6 Qxd6 23. Ne4 Qb6 24. Nxc5 Nxd3 25. Nxd3 Bxd3 26. Qa3 Bb5 27. Qc5
Qxc5 28. Rxc5 Rab8 29. Rd1 Rfc8 30. b4 Bd7 31. Rdc1 Rd8 32. R1c4 Bb5 33. Rd4
Rd6 34. Rc7 Rd7 35. Rc5 Rd6 36. h4 g5 37. hxg5 hxg5 38. Rc7 Rd7 39. d6 Rb6 40.
Rc5 a6 41. Rxg5+ Kf8 42. Rgd5 Bc6 43. Bh3 Bxd5 44. Bxd7 Rxd6 45. Bh3 Ke7 46.
Bf1 Ke6 47. f4 Rb6 48. Kf2 Bc6 49. Bc4+ Ke7 50. Bd3 Bb5 51. Bc2 Rc6 52. Bd1 Rc3
53. g4 f6 54. Re4+ Kf7 55. Re3 Rc1 56. Bb3+ Bc4 57. Re1 Rc3 58. Bd1 Bd5 59. Be2
Rb3 60. Rd1 Ke6 61. Rd4 Rb2 62. Ke3 Rb3+ 63. Bd3 Bc6 64. Kd2 Bb5 65. Kc2 Ra3
66. Bf5+ Kf7 67. Kd2 Rf3 68. Bc8 Rb3 69. Re4 Ra3 70. Be6+ Kf8 71. Re3 Ra1 72.
Bd5 Rf1 73. Bf3 Rb1 74. Kc3 Rc1+ 75. Kb2 Rg1 76. Kc2 Bd7 77. Be2 Bb5 78. Bxb5
axb5 79. Re6 Rxg4 80. Rxf6+ Ke7 81. Rf5 Ke6 82. Rxb5 Rxf4 83. Kb3 Rf8 84. Rc5
Kd7 85. Ka4 Ra8+ 86. Ra5 Rb8 87. Ra6 Kc7 88. Ka5 Rh8 89. Rb6 Ra8+ 90. Ra6 Rh8
91. Ra7+ Kb8 92. Rg7 Rh6 93. b5 Rf6 94. Rg8+ Kb7 95. Rg7+ Kb8 96. Rg8+ 1/2-1/2

[Event "V Festival A"]
[Site "Forni di Sopra ITA"]
[Date "2014.06.20"]
[Round "8"]
[White "Delchev, Aleksander"]
[Black "Ni, Hua"]
[WhiteElo "2638"]
[BlackElo "2653"]
[Result "1/2-1/2"]
[PlyCount "38"]
[EventDate "2014.06.14"]

1. d4 Nf6 2. c4 e6 3. Nf3 d5 4. Nc3 Bb4 5. Bg5 h6 6. Bxf6 Qxf6 7. e3 c5 8. Rc1
cxd4 9. Nxd4 O-O 10. cxd5 exd5 11. a3 Bxc3+ 12. Rxc3 Nc6 13. Be2 Bd7 14. O-O
Nxd4 15. Qxd4 Qxd4 16. exd4 Rfc8 17. Rfc1 Rxc3 18. Rxc3 Rc8 19. Rxc8+ Bxc8
1/2-1/2

[Event "V Festival A"]
[Site "Forni di Sopra ITA"]
[Date "2014.06.20"]
[Round "8"]
[White "Dvirnyy, Danyyil"]
[Black "Naumkin, Igor"]
[WhiteElo "2549"]
[BlackElo "2427"]
[Result "1/2-1/2"]
[PlyCount "54"]
[EventDate "2014.06.14"]

1. c4 Nf6 2. g3 e6 3. Bg2 d5 4. Nf3 Be7 5. O-O O-O 6. b3 d4 7. Bb2 c5 8. e3 Nc6
9. exd4 cxd4 10. Re1 Re8 11. d3 h6 12. Nbd2 a5 13. a3 Bf8 14. Ne5 Nxe5 15. Rxe5
Nd7 16. Rb5 e5 17. b4 Qc7 18. Rc1 Nb8 19. c5 axb4 20. axb4 Nc6 21. Bd5 Be6 22.
Bxe6 Rxe6 23. Qf3 Ra4 24. Rc4 Ra2 25. Rc2 Ra4 26. Rc4 Ra2 27. Rc2 Ra4 1/2-1/2

[Event "V Festival A"]
[Site "Forni di Sopra ITA"]
[Date "2014.06.20"]
[Round "8"]
[White "Guichard, Pauline"]
[Black "Pescatore, Lorenzo"]
[WhiteElo "2356"]
[BlackElo "2223"]
[Result "1/2-1/2"]
[PlyCount "91"]
[EventDate "2014.06.14"]

1. d4 Nf6 2. c4 e6 3. g3 Bb4+ 4. Nd2 O-O 5. Bg2 d6 6. Ngf3 Qe7 7. O-O Bxd2 8.
Qxd2 e5 9. b4 a5 10. dxe5 dxe5 11. b5 e4 12. Nd4 Nbd7 13. Qe3 Qe5 14. Bb2 Qh5
15. Qf4 Ne5 16. Rac1 Re8 17. f3 exf3 18. Nxf3 Neg4 19. Qxc7 Ne3 20. Bxf6 gxf6
21. Rf2 Ng4 22. c5 Nxf2 23. Kxf2 Bh3 24. Bxh3 Qxh3 25. g4 Qh6 26. g5 fxg5 27.
Rg1 Rac8 28. Qd7 Qe6 29. Rxg5+ Kh8 30. Qxe6 Rxe6 31. Nd4 Re4 32. Rd5 Kg7 33. e3
Kf8 34. a4 Rce8 35. c6 bxc6 36. bxc6 Rxe3 37. c7 Rc3 38. Nb5 Rc4 39. Rd8 Rc2+
40. Kf3 Ke7 41. Rd5 Rc8 42. Re5+ Kf6 43. Rd5 Ke7 44. Re5+ Kf8 45. Rh5 Kg7 46.
Rg5+ 1/2-1/2

[Event "V Festival A"]
[Site "Forni di Sopra ITA"]
[Date "2014.06.20"]
[Round "8"]
[White "Keilhack, Harald"]
[Black "De Santis, Alessio"]
[WhiteElo "2254"]
[BlackElo "2282"]
[Result "1/2-1/2"]
[PlyCount "30"]
[EventDate "2014.06.14"]

1. Nf3 b6 2. g3 Bb7 3. Bg2 g6 4. c4 Bg7 5. d4 Nf6 6. Nc3 O-O 7. O-O Ne4 8. Nxe4
Bxe4 9. d5 a5 10. Ne1 Bxg2 11. Nxg2 Na6 12. e4 Nc5 13. Qc2 c6 14. dxc6 dxc6 15.
Rd1 Qc7 1/2-1/2

[Event "V Festival A"]
[Site "Forni di Sopra ITA"]
[Date "2014.06.20"]
[Round "8"]
[White "Lodici, Lorenzo"]
[Black "Brunello, Marina"]
[WhiteElo "2105"]
[BlackElo "2315"]
[Result "0-1"]
[PlyCount "92"]
[EventDate "2014.06.14"]

1. d4 d5 2. c4 c6 3. Nc3 Nf6 4. Nf3 e6 5. e3 Nbd7 6. Qc2 Bd6 7. g4 Nxg4 8. Rg1
Nxh2 9. Nxh2 Bxh2 10. Rxg7 Nf8 11. Rg2 Bd6 12. e4 Ng6 13. Bg5 Be7 14. Bxe7 Qxe7
15. O-O-O dxe4 16. Nxe4 f5 17. Nd2 c5 18. dxc5 Bd7 19. b4 O-O-O 20. Rg3 Nf4 21.
Ra3 Kb8 22. Nf3 Bc6 23. Nd4 Bd7 24. Nb3 h5 25. b5 h4 26. Qd2 e5 27. Qa5 a6 28.
Rd6 Bc8 29. Rb6 Qg5 30. Kc2 Qg4 31. Nd2 Ne2 32. bxa6 Rd4 33. Qb4 Rxd2+ 34. Qxd2
Qxc4+ 35. Kd1 Qxc5 36. Rab3 Nd4 37. axb7 Be6 38. R3b4 Bf7 39. Ra6 Bh5+ 40. f3
Bxf3+ 41. Ke1 Nc2+ 42. Qxc2 Qxb4+ 43. Kf2 Bxb7 44. Ra4 Qb6+ 45. Ke1 Qe3+ 46.
Be2 Rg8 0-1

[Event "V Festival A"]
[Site "Forni di Sopra ITA"]
[Date "2014.06.20"]
[Round "8"]
[White "Narciso Dublan, Marc"]
[Black "Boscolo, Federico"]
[WhiteElo "2538"]
[BlackElo "2306"]
[Result "1-0"]
[PlyCount "65"]
[EventDate "2014.06.14"]

1. d4 Nf6 2. c4 g6 3. Nc3 Bg7 4. e4 d6 5. Be2 O-O 6. Nf3 e5 7. d5 a5 8. Bg5 h6
9. Be3 Ng4 10. Bc1 f5 11. exf5 gxf5 12. g3 Na6 13. Nh4 Nc5 14. O-O Nf6 15. f4
e4 16. Be3 b6 17. h3 Bd7 18. Rf2 Kh7 19. Rg2 Ng8 20. Bd4 Bxd4+ 21. Qxd4 Qf6 22.
Qxf6 Rxf6 23. Kf2 Ne7 24. Ke3 Ng6 25. Nxg6 Rxg6 26. Rag1 Rag8 27. g4 h5 28. g5
h4 29. Bh5 R6g7 30. Bf7 Rf8 31. g6+ Kh6 32. Ne2 Nd3 33. Nd4 1-0

[Event "V Festival A"]
[Site "Forni di Sopra ITA"]
[Date "2014.06.20"]
[Round "8"]
[White "Teh, Eu Wen Aron"]
[Black "Cocchi, Andrea"]
[WhiteElo "2228"]
[BlackElo "2318"]
[Result "1-0"]
[PlyCount "138"]
[EventDate "2014.06.14"]

1. d4 g6 2. c4 Bg7 3. Nc3 d6 4. e4 Nd7 5. Be2 e5 6. Nf3 Ngf6 7. O-O O-O 8. Re1
c6 9. Bf1 a5 10. Rb1 Qc7 11. d5 Nc5 12. Nd2 Bd7 13. b3 Bh6 14. a3 Na6 15. Nf3
Bxc1 16. Rxc1 c5 17. Qd2 Kg7 18. g3 Bg4 19. Nh4 Qe7 20. Bg2 Nc7 21. Rf1 Nh5 22.
Rce1 Rae8 23. h3 Bd7 24. Nd1 b6 25. Ne3 Kh8 26. Kh2 f5 27. exf5 gxf5 28. Bf3
Qg5 29. Bxh5 Qxh5 30. f4 e4 31. Qb2+ Kg8 32. Rg1 Kf7 33. b4 Rb8 34. Rg2 axb4
35. axb4 cxb4 36. Qxb4 Ke7 37. Ra1 Rb7 38. Rga2 Rfb8 39. Qb2 Qf7 40. Rd1 Ne8
41. Qd4 Qf6 42. Rb2 Kf7 43. Qxf6+ Kxf6 44. g4 fxg4 45. hxg4 h6 46. Rd4 b5 47.
Rxe4 bxc4 48. Rxb7 Rxb7 49. Rxc4 Rb3 50. Re4 Nc7 51. Nf3 Bxg4 52. Nxg4+ Kf5 53.
Nd2 Rd3 54. Ne3+ Kg6 55. Ndc4 Nxd5 56. Nxd5 Rxd5 57. Kg3 Rd3+ 58. Re3 Rd4 59.
Nb2 Kf5 60. Nd3 h5 61. Rf3 h4+ 62. Kxh4 Ke4 63. Kg3 Kf5 64. Re3 Ra4 65. Kf3 Rd4
66. Ke2 Ra4 67. Re8 Re4+ 68. Rxe4 Kxe4 69. Kd2 d5 1-0

[Event "V Festival A"]
[Site "Forni di Sopra ITA"]
[Date "2014.06.20"]
[Round "8"]
[White "Valsecchi, Alessio"]
[Black "Romanishin, Oleg M."]
[WhiteElo "2407"]
[BlackElo "2487"]
[Result "1/2-1/2"]
[PlyCount "58"]
[EventDate "2014.06.14"]

1. e4 e5 2. Nf3 Nc6 3. d4 exd4 4. Nxd4 Bc5 5. Nb3 Bb4+ 6. c3 Be7 7. f4 d6 8.
N1d2 Nh6 9. Nf3 O-O 10. Bd3 f5 11. O-O fxe4 12. Bxe4 Bf5 13. Qd5+ Kh8 14. Bd2
a5 15. Bxf5 Nxf5 16. g4 Nh4 17. Nxh4 Bxh4 18. g5 a4 19. Nd4 Nxd4 20. cxd4 Qe8
21. Rac1 h6 22. Rxc7 hxg5 23. f5 Qh5 24. Re7 Rae8 25. Rxe8 Rxe8 26. f6 Qg4+ 27.
Kh1 gxf6 28. Qxd6 Qe4+ 29. Kg1 Qg4+ 1/2-1/2

[Event "V Festival A"]
[Site "Forni di Sopra ITA"]
[Date "2014.06.21"]
[Round "9"]
[White "Boraso, Alessio"]
[Black "D'Amore, Carlo"]
[WhiteElo "2211"]
[BlackElo "2492"]
[Result "0-1"]
[PlyCount "48"]
[EventDate "2014.06.14"]

1. e4 e5 2. Nf3 Nc6 3. Bc4 Bc5 4. O-O Nf6 5. d4 Bxd4 6. Nxd4 Nxd4 7. Bg5 Qe7 8.
Na3 h6 9. Bxf6 Qxf6 10. f4 exf4 11. e5 Qb6 12. Bxf7+ Kxf7 13. Rxf4+ Nf5+ 14.
Kh1 d5 15. g4 g6 16. Qf3 Be6 17. Rg1 Rhg8 18. Rf1 Ke7 19. gxf5 gxf5 20. Qc3 c5
21. Qh3 d4 22. Qh4+ Rg5 23. h3 Rag8 24. Rxf5 Bxf5 0-1

[Event "V Festival A"]
[Site "Forni di Sopra ITA"]
[Date "2014.06.21"]
[Round "9"]
[White "Boscolo, Federico"]
[Black "Keilhack, Harald"]
[WhiteElo "2306"]
[BlackElo "2254"]
[Result "1-0"]
[PlyCount "73"]
[EventDate "2014.06.14"]

1. e4 c5 2. Nf3 e6 3. c3 d5 4. exd5 exd5 5. d4 a6 6. Be2 c4 7. O-O Bd6 8. b3
cxb3 9. axb3 Ne7 10. c4 b6 11. Nc3 Bb7 12. Ne5 Nd7 13. Bf4 Bxe5 14. dxe5 Ng6
15. Bg3 O-O 16. Nxd5 Ngxe5 17. f4 Nc6 18. Bf3 f5 19. Re1 a5 20. Bf2 Nc5 21.
Nxb6 Qxb6 22. Qd5+ Rf7 23. Qxc5 Qxc5 24. Bxc5 Rd7 25. Bd5+ Kh8 26. Re6 Rc8 27.
Rae1 h6 28. R6e2 Nd8 29. Re8+ Kh7 30. Bxb7 Rxc5 31. Bd5 Kg6 32. Rf8 Rcc7 33. h3
Nf7 34. Re6+ Kh7 35. Ra6 Nd6 36. Be6 Ra7 37. Rc6 1-0

[Event "V Festival A"]
[Site "Forni di Sopra ITA"]
[Date "2014.06.21"]
[Round "9"]
[White "Brunello, Marina"]
[Black "Delchev, Aleksander"]
[WhiteElo "2315"]
[BlackElo "2638"]
[Result "0-1"]
[PlyCount "44"]
[EventDate "2014.06.14"]

1. e4 d6 2. d4 Nf6 3. Nc3 e5 4. Nf3 exd4 5. Nxd4 Be7 6. Bc4 O-O 7. O-O c6 8. a4
Re8 9. Qf3 Nbd7 10. Qg3 Ne5 11. Be2 Ng6 12. Rd1 Bf8 13. Bd3 d5 14. exd5 Bd6 15.
f4 Bc5 16. Nce2 Bg4 17. Be3 Bxe2 18. Bxe2 Qe7 19. Nf5 Bxe3+ 20. Kh1 Qc5 21. b4
Qxc2 22. Bd3 Qf2 0-1

[Event "V Festival A"]
[Site "Forni di Sopra ITA"]
[Date "2014.06.21"]
[Round "9"]
[White "Ceschia, Ivano"]
[Black "Guichard, Pauline"]
[WhiteElo "2242"]
[BlackElo "2356"]
[Result "1/2-1/2"]
[PlyCount "104"]
[EventDate "2014.06.14"]

1. e4 e5 2. Nf3 Nc6 3. Bb5 Nge7 4. Nc3 a6 5. Bc4 Ng6 6. h4 Be7 7. h5 Nf4 8. d4
Nxg2+ 9. Kf1 Nh4 10. Nxe5 Nxe5 11. dxe5 c6 12. Bf4 b5 13. Bb3 a5 14. Nd5 a4 15.
Nxe7 Qxe7 16. Qg4 axb3 17. cxb3 Ng6 18. hxg6 fxg6 19. Qg3 c5 20. Kg2 Bb7 21. f3
O-O 22. Be3 Rf7 23. Qh4 Qxh4 24. Rxh4 Rc8 25. Rc1 c4 26. bxc4 bxc4 27. Kg3 h6
28. Rh2 g5 29. Rc3 Ba6 30. Rd2 Re8 31. Rd6 Bb5 32. Rb6 Bc6 33. Bd4 h5 34. Rxc4
h4+ 35. Kg4 Rf4+ 36. Kxg5 Rxf3 37. Kxh4 Ref8 38. Bc3 R8f4+ 39. Kg5 Bxe4 40. Bd2
Rf5+ 41. Kg4 Bd5 42. Rf4 R3xf4+ 43. Bxf4 Be6 44. Kg3 Bxa2 45. b3 Kf7 46. Kg4 g6
47. Rd6 Bxb3 48. Rxd7+ Ke8 49. Rd6 Kf7 50. Rd7+ Ke8 51. Rd6 Kf7 52. Rd7+ Ke8
1/2-1/2

[Event "V Festival A"]
[Site "Forni di Sopra ITA"]
[Date "2014.06.21"]
[Round "9"]
[White "Congiu, Mathilde"]
[Black "Basso, Pier Luigi"]
[WhiteElo "2279"]
[BlackElo "2312"]
[Result "1-0"]
[PlyCount "93"]
[EventDate "2014.06.14"]

1. e4 c5 2. Nf3 d6 3. c3 Nf6 4. h3 Nc6 5. Bd3 g6 6. O-O Bg7 7. Bc2 O-O 8. Re1
e5 9. d3 d5 10. exd5 Nxd5 11. Bg5 Qb6 12. Bb3 Be6 13. Nbd2 h6 14. Bh4 Nf4 15.
Bxe6 Nxe6 16. Nc4 Qc7 17. Bg3 f6 18. Nh4 Ne7 19. Qg4 f5 20. Qe2 f4 21. Bh2 g5
22. Nf3 Nc6 23. Ncxe5 Nxe5 24. Nxe5 Rfe8 25. Nc4 b5 26. Nd2 b4 27. Ne4 a5 28.
Qg4 a4 29. a3 bxc3 30. bxc3 Rad8 31. h4 Qe7 32. hxg5 hxg5 33. Re2 Qf7 34. Nxg5
Nxg5 35. Rxe8+ Rxe8 36. Qxg5 f3 37. d4 cxd4 38. cxd4 Re6 39. Bg3 Rg6 40. Qd8+
Kh7 41. Rc1 Rh6 42. Qg5 Qe6 43. Be5 Rg6 44. Qh5+ Rh6 45. Qxf3 Qg6 46. Bxg7 Rh5
47. Be5 1-0

[Event "V Festival A"]
[Site "Forni di Sopra ITA"]
[Date "2014.06.21"]
[Round "9"]
[White "De Santis, Alessio"]
[Black "Lodici, Lorenzo"]
[WhiteElo "2282"]
[BlackElo "2105"]
[Result "1/2-1/2"]
[PlyCount "39"]
[EventDate "2014.06.14"]

1. Nf3 f5 2. b3 d6 3. d4 Nf6 4. Bb2 g6 5. g3 Bg7 6. Bg2 O-O 7. O-O Ne4 8. Nfd2
Nxd2 9. Nxd2 c6 10. e3 Be6 11. a4 a5 12. Nc4 Qc7 13. Qd3 Nd7 14. Rfd1 Bf7 15.
Rd2 d5 16. Na3 e5 17. dxe5 Nxe5 18. Bxe5 Bxe5 19. Rad1 Rad8 20. Nb1 1/2-1/2

[Event "V Festival A"]
[Site "Forni di Sopra ITA"]
[Date "2014.06.21"]
[Round "9"]
[White "Naumkin, Igor"]
[Black "Bruno, Fabio"]
[WhiteElo "2427"]
[BlackElo "2427"]
[Result "1/2-1/2"]
[PlyCount "21"]
[EventDate "2014.06.14"]

1. d4 d5 2. c4 c6 3. Nf3 Nf6 4. Nc3 e6 5. e3 Nbd7 6. Qc2 Bd6 7. Bd3 O-O 8. O-O
Qe7 9. e4 dxc4 10. Bxc4 e5 11. Be3 1/2-1/2

[Event "V Festival A"]
[Site "Forni di Sopra ITA"]
[Date "2014.06.21"]
[Round "9"]
[White "Ni, Hua"]
[Black "Libiszewski, Fabien"]
[WhiteElo "2653"]
[BlackElo "2543"]
[Result "1-0"]
[PlyCount "75"]
[EventDate "2014.06.14"]

1. e4 c5 2. Nf3 Nc6 3. d4 cxd4 4. Nxd4 e5 5. Nb5 d6 6. c4 Be7 7. N1c3 a6 8. Na3
Be6 9. Be2 Bg5 10. O-O Bxc1 11. Rxc1 Nf6 12. Nc2 O-O 13. Qd3 Qb6 14. b3 Rfd8
15. Rfd1 Rac8 16. h3 h6 17. Rd2 Qa7 18. Rcd1 Ne7 19. Qe3 Qb8 20. Na4 Qc7 21.
Nb6 Rb8 22. f3 Nc6 23. b4 Nd4 24. Nxd4 Qxb6 25. Nc2 Qc7 26. Qc3 b5 27. c5 dxc5
28. Rxd8+ Rxd8 29. Rxd8+ Qxd8 30. bxc5 Qc8 31. c6 Kh7 32. Nb4 Bd7 33. Qc2 Be8
34. c7 Bd7 35. Nd5 Qb7 36. Qc5 Bc8 37. Kh2 Ne8 38. Qf8 1-0

[Event "V Festival A"]
[Site "Forni di Sopra ITA"]
[Date "2014.06.21"]
[Round "9"]
[White "Pescatore, Lorenzo"]
[Black "Bellia, Fabrizio"]
[WhiteElo "2223"]
[BlackElo "2393"]
[Result "0-1"]
[PlyCount "74"]
[EventDate "2014.06.14"]

1. e4 e5 2. Nf3 Nc6 3. d4 exd4 4. Bc4 Nf6 5. e5 d5 6. Bb5 Ne4 7. Nxd4 Bd7 8.
Bxc6 bxc6 9. O-O Bc5 10. f3 Ng5 11. f4 Ne4 12. Be3 Bb6 13. Nc3 Nxc3 14. bxc3
O-O 15. Qd2 f6 16. e6 c5 17. Rfe1 cxd4 18. Bxd4 Re8 19. exd7 Qxd7 20. Rxe8+
Rxe8 21. Re1 Rxe1+ 22. Qxe1 Kf7 23. Qe2 Qf5 24. Bxb6 axb6 25. Qd3 Ke6 26. g3
Qxd3 27. cxd3 d4 28. cxd4 Kd5 29. Kf2 Kxd4 30. Ke2 Kc3 31. Ke3 Kb2 32. Kd4 Kxa2
33. Kc4 Ka3 34. Kb5 Kb3 35. d4 Kc3 36. d5 Kd4 37. Kc6 b5 0-1

[Event "V Festival A"]
[Site "Forni di Sopra ITA"]
[Date "2014.06.21"]
[Round "9"]
[White "Romanishin, Oleg M."]
[Black "Narciso Dublan, Marc"]
[WhiteElo "2487"]
[BlackElo "2538"]
[Result "1/2-1/2"]
[PlyCount "31"]
[EventDate "2014.06.14"]

1. Nf3 Nf6 2. g3 d5 3. Bg2 g6 4. c4 e6 5. O-O Bg7 6. d4 O-O 7. Nc3 Na6 8. Qb3
c6 9. Bf4 Qe7 10. Rad1 Rd8 11. a3 b6 12. Bg5 h6 13. Bxf6 Bxf6 14. e4 dxe4 15.
Nxe4 Bg7 16. Rfe1 1/2-1/2

[Event "V Festival A"]
[Site "Forni di Sopra ITA"]
[Date "2014.06.21"]
[Round "9"]
[White "Thingstad, Even"]
[Black "Teh, Eu Wen Aron"]
[WhiteElo "2251"]
[BlackElo "2228"]
[Result "1/2-1/2"]
[PlyCount "104"]
[EventDate "2014.06.14"]

1. d4 Nf6 2. c4 e6 3. Nc3 Bb4 4. e3 O-O 5. Nge2 d5 6. a3 Be7 7. Nf4 c6 8. b3
Nbd7 9. Bb2 a6 10. Nd3 dxc4 11. bxc4 c5 12. Be2 cxd4 13. exd4 Qc7 14. O-O Rd8
15. Qb3 b6 16. Bf3 Bb7 17. Bxb7 Qxb7 18. Rfe1 Qc7 19. Nd1 Rac8 20. Ne3 Bd6 21.
g3 Ne4 22. a4 Nd2 23. Qd1 Nxc4 24. Nxc4 Qxc4 25. Qe2 Nf6 26. Rec1 Qb3 27. Ne5
Nd5 28. Rxc8 Rxc8 29. Qxa6 Ne7 30. Qb5 Qxb5 31. axb5 f6 32. Nd3 Nd5 33. Ra7 Rc7
34. Ra8+ Kf7 35. Kf1 Rc4 36. Ke2 Nb4 37. Nxb4 Rxb4 38. Ba3 Rxd4 39. Ke3 Rd5 40.
Bxd6 Rxd6 41. Ra7+ Kg6 42. Rb7 f5 43. f4 Kf6 44. h3 h6 45. h4 g6 46. Rb8 e5 47.
Rf8+ Ke7 48. fxe5 Rd5 49. Rh8 Rxe5+ 50. Kf4 Re4+ 51. Kf3 Kf6 52. h5 Ke5 1/2-1/2

[Event "XVIII Open Ricciardi"]
[Site "Gallarate ITA"]
[Date "2014.05.13"]
[Round "1"]
[White "Cervini, Gian Piero"]
[Black "Viale, Daniele"]
[WhiteElo "1806"]
[BlackElo "1579"]
[Result "0-1"]
[PlyCount "144"]
[EventDate "2014.05.13"]

1. e4 d5 2. exd5 Qxd5 3. Nf3 Bg4 4. Be2 Nc6 5. Nc3 Qh5 6. d4 O-O-O 7. Be3 Nf6
8. Qd3 Nb4 9. Qd2 e6 10. Ne5 Qf5 11. O-O-O Bxe2 12. Qxe2 Nfd5 13. g4 Qf6 14.
Ne4 Qe7 15. a3 f6 16. Nc4 Na6 17. Na5 Qd7 18. Rd3 Qb5 19. Qd2 b6 20. Nb3 Be7
21. Nc3 Qc6 22. Re1 Rhe8 23. Nxd5 Qxd5 24. Bf4 Bd6 25. Bxd6 Rxd6 26. Qe2 Nb8
27. Nd2 Qa5 28. Nc4 Qg5+ 29. Kb1 Rc6 30. Re3 Qd5 31. Rc3 Rd8 32. Ne3 Qd7 33.
Rd3 Rd6 34. Red1 Kb7 35. Qf3+ Kc8 36. d5 exd5 37. Rxd5 Rxd5 38. Rxd5 Qc6 39.
Qf5+ Rd7 40. Rd3 Kb7 41. Rc3 Qd6 42. Qxh7 Qf4 43. Nc4 Qxg4 44. Ne3 Qe6 45. h4
g5 46. Qh5 gxh4 47. Qxh4 c6 48. Qf4 Qe5 49. Qxe5 fxe5 50. Ng4 Re7 51. Re3 Nd7
52. f4 e4 53. Nf2 Nf6 54. Kc1 c5 55. Kd2 Kc6 56. c4 b5 57. cxb5+ Kxb5 58. b3 a5
59. Nd1 Kc6 60. Nc3 Kd6 61. Nb5+ Ke6 62. Nc3 Kf5 63. Ne2 Nd5 64. Ng3+ Kxf4 65.
Nh5+ Kg5 66. Rh3 Kg4 67. Rh1 e3+ 68. Ke1 Rf7 69. Ng7 Nc3 70. Ne6 e2 71. Nxc5
Rf5 72. Rg1+ Kf3 0-1

[Event "XVIII Open Ricciardi"]
[Site "Gallarate ITA"]
[Date "2014.05.13"]
[Round "1"]
[White "Garcia Rubi, Juan"]
[Black "Cova, Ennio"]
[WhiteElo "1413"]
[BlackElo "1666"]
[Result "1/2-1/2"]
[PlyCount "92"]
[EventDate "2014.05.13"]

1. e4 e5 2. Nf3 Nc6 3. Bb5 a6 4. Ba4 Nf6 5. O-O b5 6. Bb3 Be7 7. Re1 O-O 8. c3
d5 9. exd5 e4 10. dxc6 exf3 11. Qxf3 Bg4 12. Qe3 Re8 13. f3 Bd6 14. Qf2 Bf5 15.
d4 Rxe1+ 16. Qxe1 Qe8 17. Qxe8+ Rxe8 18. Kf2 Bd3 19. Be3 a5 20. Nd2 a4 21. Bd1
Nd5 22. Bg5 h6 23. Bh4 Bf4 24. Nf1 Bxf1 25. Kxf1 Ne3+ 26. Kf2 Nf5 27. Bg3 Be3+
28. Kf1 Nxg3+ 29. hxg3 Re6 30. Be2 Rxc6 31. Bxb5 Rb6 32. Re1 Rxb5 33. Rxe3 Rxb2
34. Re2 a3 35. Kf2 Kf8 36. Ke3 f5 37. Kd3 Rb6 38. c4 Kf7 39. Kc3 Rb1 40. d5 Rb6
41. g4 fxg4 42. fxg4 Kf6 43. Re6+ Rxe6 44. dxe6 Kxe6 45. Kd4 Kd6 46. c5+ Ke6
1/2-1/2

[Event "XVIII Open Ricciardi"]
[Site "Gallarate ITA"]
[Date "2014.05.13"]
[Round "1"]
[White "Loaldi, Davide"]
[Black "Brioschi, Camillo"]
[WhiteElo "1581"]
[BlackElo "1820"]
[Result "0-1"]
[PlyCount "38"]
[EventDate "2014.05.13"]

1. e4 e5 2. Nf3 Nc6 3. Bb5 a6 4. Ba4 Nf6 5. O-O Nxe4 6. Re1 Nc5 7. Nxe5 Nxe5 8.
Rxe5+ Be7 9. Bb3 Nxb3 10. axb3 d6 11. Re1 O-O 12. Nc3 d5 13. Nxd5 Bd6 14. Qf3
Be6 15. Nc3 Re8 16. Ne2 c6 17. c4 Bb4 18. Nc3 Qd7 19. d4 Bg4 0-1

[Event "XVIII Open Ricciardi"]
[Site "Gallarate ITA"]
[Date "2014.05.13"]
[Round "1"]
[White "Pogliano, Stefano"]
[Black "Vada, Riccardo"]
[WhiteElo "2012"]
[BlackElo "1653"]
[Result "1-0"]
[PlyCount "59"]
[EventDate "2014.05.13"]

1. e4 c5 2. Nf3 e6 3. d4 cxd4 4. Nxd4 Nc6 5. c4 Bc5 6. Nb3 Be7 7. Nc3 d6 8. Be2
Nf6 9. Bf4 O-O 10. O-O b6 11. Qd2 h6 12. Rad1 e5 13. Bg3 Bb7 14. Qe3 g5 15. c5
bxc5 16. Nxc5 Rb8 17. Nxb7 Rxb7 18. Rd2 Nd4 19. Bd1 Qa5 20. f4 gxf4 21. Bxf4
exf4 22. Qxd4 Qg5 23. Kh1 Rfb8 24. g3 Rb4 25. Qd3 fxg3 26. Rg2 Kf8 27. Rxg3 Qh4
28. Bb3 d5 29. e5 Rd4 30. Qf3 1-0

[Event "XVIII Open Ricciardi"]
[Site "Gallarate ITA"]
[Date "2014.05.13"]
[Round "1"]
[White "Trabucco, Ennio"]
[Black "Novi', Giuseppe"]
[WhiteElo "1525"]
[BlackElo "1802"]
[Result "0-1"]
[PlyCount "88"]
[EventDate "2014.05.13"]

1. d4 e6 2. c4 c5 3. Nf3 cxd4 4. Nxd4 Nc6 5. Nc3 Nf6 6. e3 Be7 7. Be2 a6 8. a3
O-O 9. O-O Qc7 10. Qc2 b6 11. Ne4 Bb7 12. Nxf6+ Bxf6 13. Nf3 Rac8 14. Rb1 Ne5
15. Nxe5 Qxe5 16. f4 Qc7 17. b3 d5 18. Bb2 Bxb2 19. Qxb2 Qc5 20. Qd4 Qxa3 21.
Qxb6 Rb8 22. Qd4 Rfd8 23. Qa1 Qc5 24. Qd4 Qe7 25. c5 a5 26. b4 axb4 27. Rxb4
Qc7 28. Kf2 Ra8 29. Qb2 Ba6 30. Bxa6 Rxa6 31. Rb6 Ra5 32. Rb5 Ra7 33. Rb1 h6
34. Rb8 Ra8 35. Rxd8+ Rxd8 36. Qb5 d4 37. Qb6 dxe3+ 38. Kxe3 Qd7 39. Rb3 Qd4+
40. Kf3 e5 41. fxe5 Qd1+ 42. Ke3 Rd2 43. c6 g5 44. c7 Qe2# 0-1

[Event "XVIII Open Ricciardi"]
[Site "Gallarate ITA"]
[Date "2014.05.20"]
[Round "2"]
[White "Brioschi, Camillo"]
[Black "Virgilio, Gianluca"]
[WhiteElo "1820"]
[BlackElo "1787"]
[Result "0-1"]
[PlyCount "42"]
[EventDate "2014.05.13"]

1. d4 Nf6 2. c4 g6 3. Nc3 d5 4. Bf4 Bg7 5. e3 c5 6. dxc5 Qa5 7. Rc1 Ne4 8. cxd5
Nxc3 9. Qd2 Qxa2 10. bxc3 Qa5 11. e4 Nd7 12. Be3 Nxc5 13. Bxc5 Qxc5 14. Nf3 O-O
15. Be2 Rd8 16. O-O Bg4 17. Nd4 Bxe2 18. Nxe2 a5 19. Nd4 b5 20. Nc6 Qxc6 21.
dxc6 Rxd2 0-1

[Event "XVIII Open Ricciardi"]
[Site "Gallarate ITA"]
[Date "2014.05.20"]
[Round "2"]
[White "Cova, Ennio"]
[Black "Cervini, Gian Piero"]
[WhiteElo "1666"]
[BlackElo "1806"]
[Result "1-0"]
[PlyCount "85"]
[EventDate "2014.05.13"]

1. e4 g6 2. d4 Bg7 3. Nf3 d6 4. c4 Nf6 5. Nc3 O-O 6. h3 c5 7. Be3 cxd4 8. Nxd4
Nc6 9. Be2 Qa5 10. O-O Bd7 11. Qd2 Rfd8 12. Nb3 Qc7 13. Rac1 Rac8 14. f4 e6 15.
Bf3 Ne7 16. Nb5 Bxb5 17. cxb5 Qd7 18. a4 b6 19. Rfd1 d5 20. e5 Ne8 21. Nd4 f6
22. Bg4 f5 23. Bf3 Nc7 24. Rc3 g5 25. Rdc1 gxf4 26. Bxf4 a6 27. Rxc7 Rxc7 28.
Rxc7 Qxc7 29. Nxe6 Qc4 30. Nxd8 axb5 31. Ne6 bxa4 32. Nxg7 Kxg7 33. Bh6+ Kf7
34. Qg5 Qd4+ 35. Qe3 Qxb2 36. e6+ Kf6 37. Bg5+ Kg7 38. Bxe7 h6 39. Bd6 f4 40.
Be5+ Kg8 41. Qxf4 Qb1+ 42. Kh2 Qg6 43. Bxd5 1-0

[Event "XVIII Open Ricciardi"]
[Site "Gallarate ITA"]
[Date "2014.05.20"]
[Round "2"]
[White "Melino, Gianluca"]
[Black "Pogliano, Stefano"]
[WhiteElo "1767"]
[BlackElo "2012"]
[Result "0-1"]
[PlyCount "69"]
[EventDate "2014.05.13"]

1. d4 Nf6 2. Bg5 e6 3. Nd2 d5 4. e4 dxe4 5. Nxe4 Be7 6. Nxf6+ Bxf6 7. Bxf6 Qxf6
8. Nf3 O-O 9. Bd3 c5 10. O-O cxd4 11. Re1 Nc6 12. Be4 Bd7 13. c3 Rfd8 14. cxd4
Be8 15. Bxc6 Bxc6 16. Ne5 Qf4 17. Nxc6 bxc6 18. Qc2 Rac8 19. Re4 Qd6 20. Qe2
Rb8 21. a3 Rb5 22. Rc1 Rdb8 23. b4 a5 24. bxa5 Rxa5 25. h3 Rxa3 26. Qc2 Ra6 27.
g4 h6 28. Qe2 Ra4 29. g5 hxg5 30. Re5 Rxd4 31. Rxg5 Rb3 32. Rh5 g6 33. Kh1 gxh5
34. Rg1+ Kf8 35. Qxh5 0-1